| 000 | 00947cas a22002535a 4500 | ||
|---|---|---|---|
| 001 | L153346 | ||
| 008 | 110712c2011 xxkfr eng u | ||
| 035 | _a(Sirsi) u153346 | ||
| 041 | 0 | _aeng | |
| 050 | _a333.33 $2 18 | ||
| 110 | 2 |
_aCBRE Investors _95929 |
|
| 245 | 0 | 0 |
_aUK propertywatch _h[electronic resource] |
| 260 |
_a[S.l.] _bCBRE Investors _c2011- |
||
| 362 | 0 | _aCurrent issue only | |
| 490 | 0 | _aCBRE Investors UK Propertywatch | |
| 520 | _aUS perspective on the UK commercial property investment scene. | ||
| 554 | _aTwo per year | ||
| 650 | 2 | 4 | _aCBRE INVESTORS UK PROPERTYWATCH |
| 651 | 4 |
_aUnited Kingdom _y |
|
| 690 | _aPROPERTY-COMMERCIAL PROPERTY-COMMERCIAL PROPERTY FINANCE AND INVESTMENT | ||
| 690 | _aPROPERTY-COMMERCIAL PROPERTY-COMMERCIAL PROPERTY MARKET | ||
| 856 | 4 | 8 |
_uhttps://www.cbreinvestors.com _zView the report free of charge (click on Research then Publications links) at www.cbreinvestors.com |
| 942 | _n0 | ||
| 999 |
_c119326 _d119326 |
||